Paternidad y virilidad / (Record no. 116104)

MARC details
000 -LEADER
campo de control de longitud fija 00795nam a2200229 4500
001 - NÚMERO DE CONTROL
campo de control 116104
003 - IDENTIFICADOR DE NÚMERO DE CONTROL
campo de control ES-MaACL
005 - FECHA Y HORA DE LA ÚLTIMA TRANSACCIÓN
campo de control 20230906190633.0
007 - CAMPO FIJO DE DESCRIPCIÓN FÍSICA--INFORMACIÓN GENERAL
campo de control de longitud fija t|
008 - DATOS DE LONGITUD FIJA--INFORMACIÓN GENERAL
campo de control de longitud fija 061121s1965 sp r ||||1| spa d
110 2# - ENTRADA PRINCIPAL--NOMBRE DE ENTIDAD CORPORATIVA
Nombre de entidad corporativa o nombre de jurisdicción como elemento de entrada Groupe Lyonnais d'Etudes Médicales, Philosophiques et Biologiques.
9 (RLIN) 4499
245 10 - MENCIÓN DEL TÍTULO
Título Paternidad y virilidad /
Mención de responsabilidad, etc. traducción por José Antonio Garay.
260 ## - PUBLICACIÓN, DISTRIBUCIÓN, ETC.
Lugar de publicación, distribución, etc. Madrid :
Nombre del editor, distribuidor, etc. Razón y Fé,
Fecha de publicación, distribución, etc. 1965.
300 ## - DESCRIPCIÓN FÍSICA
Extensión 230 p. ;
Dimensiones 20 cm.
490 1# - MENCIÓN DE SERIE
Mención de serie Colección psicología, medicina, pastoral ;
Designación de volumen o secuencia 43
700 1# - ENTRADA AGREGADA--NOMBRE PERSONAL
Nombre de persona Garay, José Antonio.
9 (RLIN) 53942
830 0# - PUNTO DE ACCESO ADICIONAL DE SERIE-TÍTULO UNIFORME
Título uniforme Colección psicología, medicina, pastoral ;
Designación de volumen o secuencia 43
9 (RLIN) 185610
852 ## - LOCALIZACIÓN
Ubicación ES-MaACL
Número de control de estantería C-27988
Sublocalización o colección R.57713
852 ## - LOCALIZACIÓN
Ubicación ES-MaACL
Número de control de estantería C-27150
Sublocalización o colección R.55986
852 ## - LOCALIZACIÓN
Ubicación ES-MaACL
Número de control de estantería C-30005
Sublocalización o colección R.56275
Holdings
Estatus retirado Estado de pérdida Estado de daño No para préstamo Biblioteca de origen Biblioteca actual Ubicación en estantería Fecha de adquisición Fuente de adquisición Total de préstamos Signatura topográfica completa Código de barras Visto por última vez Precio de reemplazo Tipo de ítem Koha
        Biblioteca del Ateneo de Madrid Biblioteca del Ateneo de Madrid Depósito 2 17/01/2008     C-27150 1121074 23/02/2023 23/02/2023 Libro impreso
        Biblioteca del Ateneo de Madrid Biblioteca del Ateneo de Madrid Depósito 2 17/01/2008     C-30005 1121075 23/02/2023 23/02/2023 Libro impreso
        Biblioteca del Ateneo de Madrid Biblioteca del Ateneo de Madrid Depósito 2 17/01/2008     C-27988 1121073 23/02/2023 23/02/2023 Libro impreso